Loading...
| Current Events | 3 | 16.67 | 100% | 33% | 33% |
| Fine Arts - Auditory Fine Arts | 8 | 8.75 | 88% | 0% | 0% |
| Fine Arts - Other Fine Arts | 5 | 14.00 | 80% | 60% | 0% |
| Fine Arts - Visual Fine Arts | 6 | 15.00 | 100% | 50% | 0% |
| History - American History | 5 | 12.00 | 80% | 40% | 0% |
| History - European History | 3 | 10.00 | 100% | 0% | 0% |
| History - Other History | 5 | 12.00 | 100% | 0% | 20% |
| History - World History | 7 | 24.29 | 100% | 71% | 71% |
| Literature - American Literature | 3 | 23.33 | 100% | 100% | 33% |
| Literature - British Literature | 5 | 28.00 | 100% | 100% | 80% |
| Literature - European Literature | 5 | 16.00 | 100% | 40% | 20% |
| Literature - World Literature | 5 | 24.00 | 100% | 100% | 40% |
| Mythology | 2 | 15.00 | 100% | 50% | 0% |
| Other Academic | 1 | 20.00 | 100% | 100% | 0% |
| Philosophy | 1 | 10.00 | 100% | 0% | 0% |
| Religion | 6 | 18.33 | 100% | 33% | 50% |
| Science - Biology | 6 | 20.00 | 100% | 50% | 50% |
| Science - Chemistry | 7 | 17.14 | 100% | 57% | 14% |
| Science - Other Science | 3 | 0.00 | 0% | 0% | 0% |
| Science - Physics | 3 | 10.00 | 100% | 0% | 0% |
| Social Science | 5 | 16.00 | 100% | 40% | 20% |